Survey of physically handicapped persons in Punjab. (Record no. 77632)

MARC details
000 -LEADER
fixed length control field 00857cam a22002531 4500
001 - CONTROL NUMBER
control field sa 68001009
003 - CONTROL NUMBER IDENTIFIER
control field DLC
005 - DATE AND TIME OF LATEST TRANSACTION
control field 20260227112429.0
008 - FIXED-LENGTH DATA ELEMENTS--GENERAL INFORMATION
fixed length control field 710903s1965 ii s 000 0 eng
010 ## - LIBRARY OF CONGRESS CONTROL NUMBER
LC control number sa 68001009
025 ## - OVERSEAS ACQUISITION NUMBER
Overseas acquisition number PL480: I-E-8586
040 ## - CATALOGING SOURCE
Original cataloging agency DLC
Transcribing agency DLC
Modifying agency DLC
043 ## - GEOGRAPHIC AREA CODE
Geographic area code a-ii---
050 00 - LIBRARY OF CONGRESS CALL NUMBER
Classification number HV1559.I4
Item number P8
082 00 - DEWEY DECIMAL CLASSIFICATION NUMBER
Classification number 362.4/0954/55
110 1# - MAIN ENTRY--CORPORATE NAME
Corporate name or jurisdiction name as entry element Punjab (India).
Subordinate unit Economic and Statistical Organisation.
245 10 - TITLE STATEMENT
Title Survey of physically handicapped persons in Punjab.
260 ## - PUBLICATION, DISTRIBUTION, ETC.
Place of publication, distribution, etc. [Chandigarh]
Name of publisher, distributor, etc. Issued by the Economic and Statistical Adviser to Govt., Punjab
Date of publication, distribution, etc. [1965]
300 ## - PHYSICAL DESCRIPTION
Extent 218 p.
Dimensions 25 cm.
490 1# - SERIES STATEMENT
Series statement Publication ;
Volume/sequential designation no. 59
500 ## - GENERAL NOTE
General note Cover title.
650 #0 - SUBJECT ADDED ENTRY--TOPICAL TERM
Topical term or geographic name entry element People with disabilities
Geographic subdivision India
-- Punjab
Form subdivision Statistics.
830 #0 - SERIES ADDED ENTRY--UNIFORM TITLE
Uniform title Publication (Punjab (India). Economic and Statistical Organisation) ;
Volume/sequential designation no. 59.

No items available.

Powered by Koha